Football Féminin : Reconnais tu ces joueuses ? - Statistiques

Statistiques générales
  • Ce quiz a été pris 258 fois
  • Le résultat moyen est 9 sur 16
Statistiques - réponses
Par images Réponse % Correct
Wendie Renard
98%
Alexia Putellas
92%
Aitana Bonmatí
89%
Marta
82%
Megan Rapinoe
80%
Sam Kerr
78%
Alex Morgan
75%
Ada Hegerberg
69%
Leah Williamson
64%
Alexandra Popp
58%
Camille Abily
45%
Christine Sinclair
19%
Homare Sawa
15%
Abby Wambach
9%
Nadine Kessler
8%
Nilla Fischer
4%
Aucun quiz correspondant
Distribution des résultats
% des personnes avec chaque résultat
Percentile par nombre de réponses
Votre historique - résultats
Vous n’avez pas pris ce quiz